<?xml version="1.0" encoding="UTF-8"?>
<collection xmlns="http://www.loc.gov/MARC21/slim">
 <record>
  <leader>00958nam a22002057a 4500</leader>
  <controlfield tag="001">NCT_54883</controlfield>
  <controlfield tag="008">181105b        xxu||||| |||| 00| 0 vie d</controlfield>
  <datafield tag="999" ind1=" " ind2=" ">
   <subfield code="c">2639</subfield>
   <subfield code="d">2639</subfield>
  </datafield>
  <datafield tag="020" ind1=" " ind2=" ">
   <subfield code="a">9786045923269</subfield>
   <subfield code="c">690000</subfield>
  </datafield>
  <datafield tag="082" ind1="0" ind2="4">
   <subfield code="2">23rd ed.</subfield>
   <subfield code="a">133.90135</subfield>
   <subfield code="b">W429</subfield>
  </datafield>
  <datafield tag="100" ind1="1" ind2=" ">
   <subfield code="a">Weiss, Brian L.</subfield>
  </datafield>
  <datafield tag="245" ind1="1" ind2="0">
   <subfield code="a">Ám ảnh từ kiếp trước :</subfield>
   <subfield code="b">Bí mật của sự sống và cái chết</subfield>
   <subfield code="c"> Brian L. Weiss ; Trần Trung Hải (dịch)</subfield>
  </datafield>
  <datafield tag="260" ind1=" " ind2=" ">
   <subfield code="a">H.</subfield>
   <subfield code="b">Lao động</subfield>
   <subfield code="c">2014</subfield>
  </datafield>
  <datafield tag="300" ind1=" " ind2=" ">
   <subfield code="a">300 tr.</subfield>
   <subfield code="c">21cm</subfield>
  </datafield>
  <datafield tag="653" ind1=" " ind2=" ">
   <subfield code="a">Tham khảo</subfield>
  </datafield>
  <datafield tag="700" ind1="1" ind2=" ">
   <subfield code="a">Trần trung Hải</subfield>
   <subfield code="e">Dịch</subfield>
  </datafield>
  <datafield tag="942" ind1=" " ind2=" ">
   <subfield code="2">ddc</subfield>
   <subfield code="c">BK</subfield>
  </datafield>
  <datafield tag="952" ind1=" " ind2=" ">
   <subfield code="0">0</subfield>
   <subfield code="1">0</subfield>
   <subfield code="2">ddc</subfield>
   <subfield code="4">0</subfield>
   <subfield code="6">133_901350000000000_W429</subfield>
   <subfield code="7">0</subfield>
   <subfield code="9">14812</subfield>
   <subfield code="a">000001</subfield>
   <subfield code="b">000001</subfield>
   <subfield code="d">2018-11-05</subfield>
   <subfield code="o">133.90135 W429</subfield>
   <subfield code="p">TK.00442</subfield>
   <subfield code="r">2018-11-05</subfield>
   <subfield code="v">69000.00</subfield>
   <subfield code="w">2018-11-05</subfield>
   <subfield code="y">BK</subfield>
  </datafield>
  <datafield tag="952" ind1=" " ind2=" ">
   <subfield code="0">0</subfield>
   <subfield code="1">0</subfield>
   <subfield code="2">ddc</subfield>
   <subfield code="4">0</subfield>
   <subfield code="6">133_901350000000000_W429</subfield>
   <subfield code="7">0</subfield>
   <subfield code="9">14813</subfield>
   <subfield code="a">000001</subfield>
   <subfield code="b">000001</subfield>
   <subfield code="d">2018-11-05</subfield>
   <subfield code="o">133.90135 W429</subfield>
   <subfield code="p">TK.00443</subfield>
   <subfield code="r">2018-11-05</subfield>
   <subfield code="v">69000.00</subfield>
   <subfield code="w">2018-11-05</subfield>
   <subfield code="y">BK</subfield>
  </datafield>
  <datafield tag="980" ind1=" " ind2=" ">
   <subfield code="a">Thư viện Trường Đại học Nam Cần Thơ</subfield>
  </datafield>
 </record>
</collection>
